Tensor analysis on manifolds (Record no. 755044)

MARC details
000 -LEADER
fixed length control field 00430nam a22001697a 4500
020 ## - INTERNATIONAL STANDARD BOOK NUMBER
ISBN 9780486640396
100 ## - MAIN ENTRY--AUTHOR NAME
Personal name Bishop, Richard L
245 ## - TITLE STATEMENT
Title Tensor analysis on manifolds
260 ## - PUBLICATION, DISTRIBUTION, ETC. (IMPRINT)
Place of publication New York
Name of publisher Dover
Year of publication 1980
300 ## - PHYSICAL DESCRIPTION
Number of Pages viii+280
650 ## - SUBJECT ADDED ENTRY--TOPICAL TERM
Topical Term Set theory
650 ## - SUBJECT ADDED ENTRY--TOPICAL TERM
Topical Term Topology
650 ## - SUBJECT ADDED ENTRY--TOPICAL TERM
Topical Term Vector analysis
700 ## - ADDED ENTRY--PERSONAL NAME
Personal name Goldberg, Samuel L
942 ## - ADDED ENTRY ELEMENTS (KOHA)
Source of classification or shelving scheme Dewey Decimal Classification
Koha item type Book
Holdings
Withdrawn status Lost status Source of classification or shelving scheme Damaged status Not for loan Collection code Home Library Current Location Shelving location Date acquired Source of acquisition Cost, normal purchase price Full call number Accession Number Price effective from Koha item type
    Dewey Decimal Classification     Gift or donation Dept. of Mathematics Dept. of Mathematics General Stacks 08/01/2026 Donated by Dr. Krishna Kumar G on the completion of SERB sponsored project (UO. No: Ad.F1/1373/2021 dated 22/01/2024) 1450.92 515.63 BIS-T MATG248 13/01/2026 Book